| 000 | 00649nam a2200205Ia 4500 | ||
|---|---|---|---|
| 003 | GCL | ||
| 008 | 140319s9999 xx 000 0 ara d | ||
| 040 |
_aGCL / _cGCL |
||
| 082 | 0 | 4 |
_a801 _bى ن |
| 100 | 1 | _aيوسف نور عوض | |
| 245 | 1 | 0 |
_aنظرية النقد الادبى الحديث / _cيوسف نور عوض |
| 260 |
_a[S.N] : _bدار الامين للنشر والتوزيع ، _c1994 |
||
| 300 | _a157 ص | ||
| 490 | _a | ||
| 650 | 0 | 4 | _aالاسلوب , علم |
| 650 | 0 | 4 | _aالادب - تاريخ ونقد |
| 650 | 0 | 4 | _aالبلاغة العربية - نظريات |
| 650 | 0 | 4 | _aالادب - نظريات |
| 942 |
_2ddc _cBK |
||
| 999 |
_c56494 _d56494 |
||